<?xml version="1.0" encoding="UTF-8"?>
<record
    xmlns:xsi="http://www.w3.org/2001/XMLSchema-instance"
    xsi:schemaLocation="http://www.loc.gov/MARC21/slim http://www.loc.gov/standards/marcxml/schema/MARC21slim.xsd"
    xmlns="http://www.loc.gov/MARC21/slim">

  <leader>01986nam a2200241 a 4500</leader>
  <controlfield tag="005">20260427115556.0</controlfield>
  <controlfield tag="007">cr |||aaaaaaa|</controlfield>
  <controlfield tag="008">260427s2025    mx|a||||o ||| 000 0 spa d</controlfield>
  <datafield tag="020" ind1=" " ind2=" ">
    <subfield code="a">9786072646094</subfield>
  </datafield>
  <datafield tag="040" ind1=" " ind2=" ">
    <subfield code="a">MX-MxUPN</subfield>
    <subfield code="b">spa</subfield>
    <subfield code="e">aacr2</subfield>
  </datafield>
  <datafield tag="041" ind1="0" ind2=" ">
    <subfield code="a">spa</subfield>
  </datafield>
  <datafield tag="245" ind1="1" ind2="0">
    <subfield code="a">Futuros educativos :</subfield>
    <subfield code="b">pedagog&#xED;as emergentes para un mundo complejo. Reflexiones desde la transdisciplina</subfield>
    <subfield code="h">[recurso electr&#xF3;nico en l&#xED;nea]</subfield>
  </datafield>
  <datafield tag="250" ind1=" " ind2=" ">
    <subfield code="a">Primera edici&#xF3;n</subfield>
  </datafield>
  <datafield tag="260" ind1=" " ind2=" ">
    <subfield code="a">Cuernavaca, Morelos, M&#xE9;xico :</subfield>
    <subfield code="b">Universidad Aut&#xF3;noma del Estado de Morelos, </subfield>
    <subfield code="c">2025.</subfield>
  </datafield>
  <datafield tag="300" ind1=" " ind2=" ">
    <subfield code="a">1 recurso en l&#xED;nea (167 p&#xE1;ginas) :</subfield>
    <subfield code="b">ilustraciones, PDF</subfield>
  </datafield>
  <datafield tag="505" ind1=" " ind2=" ">
    <subfield code="t">Alfabetidad visual a trav&#xE9;s de pedagog&#xED;as emergentes: implicaciones sociales del consumo de im&#xE1;genes chatarra /</subfield>
    <subfield code="r">Esteban Mart&#xED;nez Preciado.--</subfield>
    <subfield code="t">Cambio afectivo-meta-emocional, un concepto emergente en la pedagog&#xED;a contextualizada /</subfield>
    <subfield code="r">Adriana Canales Goerne.--</subfield>
    <subfield code="t">Tendencias pedag&#xF3;gicas en la innovaci&#xF3;n curricular: cinco lecciones para aprender en el siglo XXI /</subfield>
    <subfield code="r">Norma Ang&#xE9;lica Ju&#xE1;rez Salomo.--</subfield>
    <subfield code="t">La implementaci&#xF3;n de nuevas tecnolog&#xED;as en disciplinas creativas desde la mirada de los egresados /</subfield>
    <subfield code="r">Mariana Teresa Silveyra Rosales.--</subfield>
    <subfield code="t">La utilidad de los estudios f&#xED;lmicos como acercamiento a las tendencias identitarias en la &#xE9;poca del streaming /</subfield>
    <subfield code="r">Manuela L&#xED;menes Westphalen.--</subfield>
    <subfield code="t">Autonom&#xED;a del aprendizaje en la educaci&#xF3;n virtual: experiencias educativas en la virtualidad /</subfield>
    <subfield code="r">Carlos Humberto Hidalgo Menj&#xED;var, Carlos Roberto Monroy Alfaro, Isidro Cipriano Andaluz Lobo y Alberto Jos&#xE9; Oviedo Argueta.--</subfield>
    <subfield code="t">Paisajes ling&#xFC;&#xED;stico-medi&#xE1;ticos: una propuesta metodol&#xF3;gica a partir del an&#xE1;lisis de Roma de Alfonso Cuar&#xF3;n /</subfield>
    <subfield code="r">Aldo Jim&#xE9;nez Tabone.</subfield>
  </datafield>
  <datafield tag="506" ind1="0" ind2=" ">
    <subfield code="a">Acceso abierto</subfield>
  </datafield>
  <datafield tag="700" ind1="1" ind2=" ">
    <subfield code="a">Ju&#xE1;rez Salomo, Norma Ang&#xE9;lica</subfield>
    <subfield code="9">59385</subfield>
    <subfield code="e">coordinaci&#xF3;n</subfield>
  </datafield>
  <datafield tag="700" ind1="1" ind2=" ">
    <subfield code="a">Silveyra Rosales, Mariana Teresa</subfield>
    <subfield code="9">59386</subfield>
    <subfield code="e">coordinaci&#xF3;n</subfield>
  </datafield>
  <datafield tag="856" ind1="4" ind2="0">
    <subfield code="u">http://riaa.uaem.mx/handle/20.500.12055/4898</subfield>
  </datafield>
  <datafield tag="902" ind1=" " ind2=" ">
    <subfield code="a">JohanaAllegre/270426</subfield>
  </datafield>
  <datafield tag="942" ind1=" " ind2=" ">
    <subfield code="2">lcc</subfield>
    <subfield code="c">LIBRO-E</subfield>
  </datafield>
  <datafield tag="952" ind1=" " ind2=" ">
    <subfield code="0">0</subfield>
    <subfield code="1">0</subfield>
    <subfield code="2">lcc</subfield>
    <subfield code="4">0</subfield>
    <subfield code="7">0</subfield>
    <subfield code="8">CAA</subfield>
    <subfield code="a">BCUPN50</subfield>
    <subfield code="b">BCUPN50</subfield>
    <subfield code="c">ENL</subfield>
    <subfield code="d">2026-04-27</subfield>
    <subfield code="l">0</subfield>
    <subfield code="r">2026-04-27 11:56:35</subfield>
    <subfield code="u">http://riaa.uaem.mx/handle/20.500.12055/4898</subfield>
    <subfield code="w">2026-04-27</subfield>
    <subfield code="y">LIBRO-E</subfield>
  </datafield>
  <datafield tag="999" ind1=" " ind2=" ">
    <subfield code="c">215002</subfield>
    <subfield code="d">215002</subfield>
  </datafield>
</record>
